5HLuxD.jpg

KING HENRY VIII SENIOR AND PRIMARY SCHOOL LIBRARY OPAC

WHIZZ-BANG WINNIE (Record no. 4515)

000 -LEADER
fixed length control field 00307nam a22001217a 4500
008 - FIXED-LENGTH DATA ELEMENTS--GENERAL INFORMATION
fixed length control field 250226b ||||| |||| 00| 0 eng d
020 ## - INTERNATIONAL STANDARD BOOK NUMBER
International Standard Book Number 9780192757845
082 ## - DEWEY DECIMAL CLASSIFICATION NUMBER
Classification number 823.92 OWE
100 ## - MAIN ENTRY--PERSONAL NAME
Personal name OWEN,LAURA
Relator term AUTHOR
245 ## - TITLE STATEMENT
Title WHIZZ-BANG WINNIE
260 ## - PUBLICATION, DISTRIBUTION, ETC.
Place of publication, distribution, etc. GREAT BRITAIN
Name of publisher, distributor, etc. OXFORD UNIVERSITY PRESS
942 ## - ADDED ENTRY ELEMENTS (KOHA)
Source of classification or shelving scheme
Holdings
Withdrawn status Lost status Source of classification or shelving scheme Damaged status Not for loan Collection code Permanent Location Current Location Shelving location Date acquired Full call number Barcode Date last seen Price effective from Koha item type Public note
          Fiction KH8 Primary School Library KH8 Primary School Library Fiction 2025-02-26 823.92 OWE KHPL000006409 2025-12-05 2025-02-26 Books - Fiction 9780192757845

Powered By KH8 IT Dept